Тициан. Тинторето. Веронезе (Запис номер 115459)
[ съкратено ]
| 000 -Лидер | |
|---|---|
| Контролно поле с фиксирана дължина | 02066nam a2200493 c 4500 |
| 003 - Код на организацията, давaща контролен номер | |
| Контролно поле | BLK |
| 005 - Дата и час на последна редакция | |
| Контролно поле | 20220629123041.0 |
| 008 - Елементи от данни с фиксирана дължина | |
| fixed length control field | 180409b bul|||||r ||||||| ||bul|| |
| 010 ## - Наследен системен номер | |
| LC control number | KNG00120944000 |
| 040 ## - Източник на каталожния запис | |
| Идентификатор на билиотеката - собственик на записа | BLK |
| 041 ## - Код за език | |
| Код за езика на текст/звукозапис или на отделно заглавие | Български |
| Код за езика КДБФ | Български |
| 080 ## - УДК | |
| Текстов определител УДК | Живопис - художници |
| УДК код - определител по УДК | 75.071.1 |
| УДК определител | (45)(092) |
| УДК - код + определител | 75.071.1(45)(092) |
| 080 ## - УДК | |
| Текстов определител УДК | Италиански художник |
| УДК код - определител по УДК | 929 Тициан |
| УДК - код + определител | 929 Тициан |
| 080 ## - УДК | |
| Текстов определител УДК | Якопо Комин (Якопо Тинторето или Якопо Робусти). Италиански художник на Ренесанс |
| УДК код - определител по УДК | 929 Тинторето |
| УДК - код + определител | 929 Тинторето |
| 080 ## - УДК | |
| Текстов определител УДК | Италиански ренесансов художник 1528-1588 |
| УДК код - определител по УДК | 929 Паоло Веронезе |
| УДК - код + определител | 929 Паоло Веронезе |
| 100 1# - Редна дума - Автор | |
| Автор | Урбах, Жужа |
| Авторска отговорност | първи автор |
| R(LIN) | 314132 |
| 139 ## - Редно поле | |
| Редна дума | Урбах, Жужа |
| Авторски знак | Тих - Т 60 |
| 245 10 - Сведения за заглавието | |
| Заглавие | Тициан. Тинторето. Веронезе |
| Редно поле (дума) | Жужа Урбах; прев. от унг. Лазар Цветков. |
| 257 ## - Страна на издаване | |
| Страна на създаване/издаване | Унгария |
| 260 ## - Област на издателските данни | |
| Място на издаване, разпространение и проч. | София |
| Име на издателя, разпространителя и проч. | Бълг. художник |
| Година на издаване | 1968 |
| 300 ## - Физическа характеристика | |
| Страници | 30 с. |
| Илюстрации и др. | с ил. |
| Размери/Мащаб | 23 см |
| 380 ## - Жанр | |
| Жанр | Изкуство |
| 490 ## - СЕРИИ (Колекции) | |
| Име на серия | Моят музей |
| 9 (RLIN) | 201218 |
| 600 14 - Име на лице, използвано като предмет | |
| За него / За нея | Тициан |
| 9 (RLIN) | 129024 |
| 600 14 - Име на лице, използвано като предмет | |
| За него / За нея | Паоло Веронезе |
| 9 (RLIN) | 310751 |
| 600 14 - Име на лице, използвано като предмет | |
| За него / За нея | Якопо Тинторето |
| 9 (RLIN) | 313877 |
| 650 #4 - Допълнително описание по предмет – тема | |
| Основно описание – тема или топоним | Живописци, италиански |
| 9 (RLIN) | 278178 |
| 650 #4 - Допълнително описание по предмет – тема | |
| Основно описание – тема или топоним | Живопис, италианска |
| 9 (RLIN) | 294861 |
| 650 #4 - Допълнително описание по предмет – тема | |
| Основно описание – тема или топоним | Тициан |
| 9 (RLIN) | 129024 |
| 650 #4 - Допълнително описание по предмет – тема | |
| Основно описание – тема или топоним | Якопо Тинторето |
| 9 (RLIN) | 313877 |
| 650 #4 - Допълнително описание по предмет – тема | |
| Основно описание – тема или топоним | Паоло Веронезе |
| 9 (RLIN) | 310751 |
| 651 #4 - Допълнително описание по предмет - топоним | |
| Географско понятие | Италия |
| 9 (RLIN) | 178965 |
| 653 ## - Ключова дума – ненормативна | |
| Ключова дума | Тициан |
| 653 ## - Ключова дума – ненормативна | |
| Ключова дума | Паоло Веронезе |
| 653 ## - Ключова дума – ненормативна | |
| Ключова дума | Тинторето |
| 653 ## - Ключова дума – ненормативна | |
| Ключова дума | италиански художници |
| 653 ## - Ключова дума – ненормативна | |
| Ключова дума | живопис |
| 700 1# - Други автори (авторска отговорност) | |
| Лично име | Цветков, Лазар |
| Автороска отговорност (Описва отношението между автора и произведението) | прев. от унг. |
| 9 (RLIN) | 371228 |
| 852 ## - Местоположение | |
| Форматна сигнатура | Цб 57665 |
| Фондова буква | Хранилище |
| 856 4# - Електронен адрес и достъп | |
| Електронен формат | pdf - файл |
| 856 4# - Електронен адрес и достъп | |
| Електронен формат | pdf - файл |
| 999 ## - СИСТЕМНИ КОНТРОЛНИ НОМЕРА | |
| Koha biblionumber | 115459 |
| Koha biblioitemnumber | 115459 |
| 942 ## - АРТИКУЛИ | |
| Вид на библиотечния материал | Книги |
| Скрит в OPAC | Не |
| Периодичен библиозапис | Да |
| 944 ## - СЪЗДАВАНЕ И РЕДАКЦИЯ на ЗАПИСА | |
| Създаване/Редакция | Създаване |
| Дата на регистрацията/редакция | 25.01.2011 |
| Статус, дата на статуса | ф / 24.01.2011 |
| Служител, извършил регистрацията/редакцията | Геновева_Генчева |
| 944 ## - СЪЗДАВАНЕ И РЕДАКЦИЯ на ЗАПИСА | |
| Създаване/Редакция | Редакция |
| Дата на регистрацията/редакция | 03.08.2015 |
| Статус, дата на статуса | ф / 24.01.2011 |
| Служител, извършил регистрацията/редакцията | Ирена_Линкова |
| 944 ## - СЪЗДАВАНЕ И РЕДАКЦИЯ на ЗАПИСА | |
| Създаване/Редакция | Редакция |
| Дата на регистрацията/редакция | 2022-06-29 |
| Служител, извършил регистрацията/редакцията | ВП |
| 999 ## - СИСТЕМНИ КОНТРОЛНИ НОМЕРА | |
| Koha biblioitemnumber | 115459 |
| 999 ## - СИСТЕМНИ КОНТРОЛНИ НОМЕРА | |
| Koha biblioitemnumber | 115459 |
| Код за отписване | Код за изгубен артикул | Източник на класификационната схема | Код за повреда | Коз за рестрикции | Код за отдаване | Артикулен № | Име на библиотеката - собственик | Име на библиотеката, в която се намира в момента | Статус (Текущо местоположение) | Дата на вписване в системата | Местоположение - отдел | Цена в лева | Инвентарен номер | Систематично азбучна сигнатура | Баркод | Номер на екземпляра | Цена в евро | Служебна бележка | Служебен тип на артикула |
|---|---|---|---|---|---|---|---|---|---|---|---|---|---|---|---|---|---|---|---|
| Не е изгубен | Universal Decimal Classification | Не е повреден | без рестрикции | заемане за дома | 185442 | Регионална библиотека "Любен Каравелов" Русе | Регионална библиотека "Любен Каравелов" Русе | Отдел Изкуство - подръчен фонд | 1968-01-01 | Отдел Изкуство - подръчен фонд | 0.75 | 54442 | 75(092)/Т 60 | 120000054442 | 1 | 0.38 | Дост: Pk Вид: Ф N: стар фонд Дата: 01.01.1968 Дата инв: 12.02.2015 Бележки инв: ИП2015 | Книги | |
| Не е изгубен | Universal Decimal Classification | Не е повреден | без рестрикции | ползва се в читалня | 185443 | Регионална библиотека "Любен Каравелов" Русе | Регионална библиотека "Любен Каравелов" Русе | Хранилище | 1966-01-01 | Хранилище | 0.75 | 70480 | Цб 57665 | 120000070480 | 2 | 0.38 | Дост: Dp Вид: Д N: стар фонд Дата: 01.01.1966 | Книги |